| 000 | 00331nam a2200133Ia 4500 | ||
|---|---|---|---|
| 008 | 190216s9999||||xx |||||||||||||| ||und|| | ||
| 100 | _aS.Narayanan | ||
| 245 | 0 | _a"Calcules ,(major)vol.1 (difrferential Calcules)" | |
| 250 | _a6th Ed. | ||
| 260 |
_bViswanathan Pvt.Ltd _c2002 |
||
| 300 | _a429 | ||
| 650 | _aMathes | ||
| 942 | _cBK | ||
| 999 |
_c32507 _d32507 |
||